000
00335nam a2200145Ia 4500
100
_a
Narang
650
_a
Draughtsman
942
_c
BK
654
_a
Draughtsman mechanical solved papers
245
_a
Draughtsman mechanical Solved Papers
260
_b
New Heights
_a
New Delhi
300
_a
105
546
_a
ENGLISH
999
_c
31298
_d
31298